Propuesta de plan estratégico de la Correduría de Seguros GQ Corredores, S. A. para el período
Presenta una propuesta de plan estratégico de la Correduría de Seguros GQ Corredores, S. A. para el periodo 2014-2017, la elaboración del plan estratégico será para los próximos cuatro años, que sirva como punta de lanza para consolidar la posición de la correduría y favorecer el crecimient...
| Main Authors: | , |
|---|---|
| Other Authors: | |
| Format: | Tesis Section = Libro |
| Language: | Undetermined Spanish |
| Published: |
Managua
UNI
2013
|
| Subjects: |
| LEADER | 01378nam a2200265Ia 4500 | ||
|---|---|---|---|
| 008 | 240830s9999 xx 000 0 und d | ||
| 040 | |a BIBLIOTECA-RUSB/ M.Mon 658.401 G984 | ||
| 041 | |a spa | ||
| 082 | |a M.Mon 658.401 G984 | ||
| 100 | 1 | |a Gutiérrez Chamorro, Grethell Alexandra | |
| 100 | 1 | |b Quintanilla Villanueva, Danilo Octavio | |
| 245 | 1 | 0 | |a Propuesta de plan estratégico de la Correduría de Seguros GQ Corredores, S. A. para el período |
| 260 | |a Managua |b UNI |c 2013 | ||
| 300 | |a 156 p. :il. | ||
| 500 | |a Contiene: anexos. | ||
| 502 | |a Tesis (Máster en Didáctica de la Enseñanza de la Ingeniería y la Arquitectura en la Educación Superior) - UNI, 2013. | ||
| 520 | 3 | |a Presenta una propuesta de plan estratégico de la Correduría de Seguros GQ Corredores, S. A. para el periodo 2014-2017, la elaboración del plan estratégico será para los próximos cuatro años, que sirva como punta de lanza para consolidar la posición de la correduría y favorecer el crecimiento de la misma en mayor concordancia con el crecimiento del mercado de seguros y de la economía nacional. | |
| 650 | 7 | |a PLANEACION ESTRATEGICA | |
| 650 | 7 | |b HABILIDAD EJECUTIVA | |
| 650 | 7 | |c CORREDORES-NICARAGUA | |
| 650 | 7 | |d diagnóstico EMPRESARIAL I | |
| 700 | 1 | |a Tutor: |b Zúñiga Morales, Gonzalo de Jesús | |
| 942 | |c BK |2 ddc | ||
| 991 | |a TESIS | ||
| 999 | |c 19368 | ||